000
00329nam a2200121Ia 4500
008
231106s2013 xx 000 0 und d
041
_a
eng
082
_a
741.2
100
_a
RICHARD BOX
245
_a
A WATERCOLOUR A DAY: 365 TIPS & IDEAS FOR IMPROVING YOUR SKILLS & CREATIVITY
260
_b
SEARCH PRESS
_c
2013
300
_a
P-48
999
_c
920114
_d
920114